Statistiques concernant 1 - 100 nom random d'anime

Cliquez ici pour prendre le quiz!

Statistiques générales

  • Ce quiz a été pris 46 fois
  • Le résultat moyen est 18 sur 100

Statistiques - réponses

HintRéponse% Correct
4naruto
95%
1one piece
90%
59demon slayer
69%
91dragon ball
67%
16hunter x hunter
64%
60tokyo ghoul
62%
31 | 53jujutsu kaisen
56%
68my hero academia
56%
3bleach
54%
44fairy tail
54%
54boruto
51%
93dragon ball z
46%
62tokyo revengers
44%
76attaque des titans
41%
43assassination classroom
38%
45fullmetal alchemist
38%
67food wars
36%
77spy x family
36%
75seven deadly sins
33%
27black clover
31%
92dragon ball super
31%
65fire force
31%
22haikyuu
28%
5naruto shippuden
28%
82one punch man
28%
2berserk
26%
94dragon ball gt
26%
72sword art online
26%
52jojo's bizarre adventure
23%
80blue lock
21%
63blue exorcist
18%
48another
15%
25re:zero
15%
51banana fish
13%
95gambling school
13%
86k-on
13%
99konosuba
13%
30mashle
13%
17nana
13%
70no game no life
13%
83baki
10%
6code geass
10%
34free!
10%
19fruits basket
10%
46fullmetal alchemist brotherhood
10%
9kill la kill
10%
66
soul eater
10%
97violet evergarden
10%
8akame ga kill
8%
89blue period
8%
41clannad
8%
37devilman crybaby
8%
11dororo
8%
88fate
8%
20
koruko no basket
8%
47mirai nikki
8%
71monster
8%
14noragami
8%
7steins;gate
8%
36deadman wonderland
5%
98high school dxd
5%
85horimiya
5%
42school days
5%
50sky high survival
5%
15toradora
5%
78yuri on ice
5%
28ace no diamond
3%
73akira
3%
23bakemonogatari
3%
61beelzebub
3%
87given
3%
13guilty crown
3%
90ippo
3%
100monster musume
3%
74pluto
3%
81reborn
3%
21slam dunk
3%
84solo leveling
3%
69tensura
3%
24angel of death
0%
79backflip
0%
40claymore
0%
96date a live
0%
35devils' line
0%
10dorohedoro
0%
12durarara
0%
49high school of the dead
0%
58kotaro en solo
0%
29les carnets de l'apothicaire
0%
18maid sama
0%
55my happy marriage
0%
26re:creators
0%
57the dangers in my heart
0%
39the world is still beautiful
0%
64twin star exorcist
0%
32undead unluck
0%
56yamada-kun to level 999
0%
33yona princesse de l'aube
0%
38zom 100 bucket list of the dead
0%

Distribution des résultats

Percentile par nombre de réponses

% des personnes avec chaque résultat

Votre développement - résultats

Vous n’avez pas pris ce quiz